000 00937nam a2200205 i 4500
001 120472
003 ES-MaACL
005 20251015063126.0
007 t|
008 070214m19291933fr r ||||1| fre d
100 1 _aPoincaré, Raymond,
_d1860-1934
_992753
245 1 0 _aAu service de la France
_b: neuf années de souvenirs /
_cRaymond Poincaré.
260 _aParis :
_bPlon-Nourrit,
_c1929-1933.
300 _a10 v., 54 lám. ;
_c23 cm.
505 8 _aContiene: Vol I. Le lendemain d'Agadir -- Vol II. Les Balkans en feu -- Vol III. L'Europe sous les armes -- Vol IV. L'Unión sacrée -- Vol. V. L'invasion -- Vol VI. Les tranchées -- Vol. VII. Guerre de siècle -- Vol. VIII. Verdun --Vol IX. L'année trouble -- Vol X. Victoire et armistice.
651 4 _aFrancia-
_xPolítica exterior-
_yS.XX.
_9163712
651 4 _aEuropa-
_xHistoria-
_y1871-1918.
_98607
852 _aES-MaACL
_jC-22156-65
999 _c120472
_d120472